Unfertige Nachbarschaften <Die> staaten Osteuropas und die Bundesrepublik Deutschland
Salvato in:
| Altri autori: | , |
|---|---|
| Natura: | Libro |
| Lingua: | tedesco |
| Pubblicazione: |
Essen
Hobbing
1989
|
| Edizione: | 1. Aufl. |
| Soggetti: | |
| Tags: |
Nessun Tag, puoi essere il primo ad aggiungerne!!
|
MARC
| LEADER | 00000nam a2200000 4500 | ||
|---|---|---|---|
| 001 | c000753 | ||
| 005 | 20221215125451.2 | ||
| 020 | |a 3-920460-46-4 | ||
| 041 | 0 | |a ger | |
| 044 | |a DE | ||
| 245 | 1 | 0 | |a Unfertige Nachbarschaften |b <Die> staaten Osteuropas und die Bundesrepublik Deutschland |c Red. Othmar Nikola Haberl, Hans Hecker |
| 250 | |a 1. Aufl. | ||
| 264 | 1 | |a Essen |b Hobbing |c 1989 | |
| 300 | |a 295 s. | ||
| 610 | 2 | 0 | |a politika zahraničná |
| 610 | 2 | 0 | |a Nemecko |
| 610 | 2 | 0 | |a východná Európa |
| 610 | 2 | 0 | |a história |
| 610 | 2 | 0 | |a kooperácia hospodárska medzinárodná |
| 610 | 2 | 0 | |a obchod zahraničný |
| 700 | 1 | |a Haberl, Othmar Nikola | |
| 700 | 1 | |a Hecker, Hans | |